Loading...
| Social Science | 1 | 4 | 0 | 3 | 55 | 64 | 106.40 | 1 | 3 | 0.00 | 0.00 |
| History - European | 1 | 2 | 0 | 1 | 35 | 48 | 106.00 | 1 | 1 | 0.00 | 0.00 |
| History - World | 0 | 3 | 0 | 1 | 30 | 87 | 110.00 | 0 | 0 | 0.00 | 0.00 |
| Modern World | 2 | 0 | 0 | 0 | 30 | 66 | 76.00 | 0 | 1 | 0.00 | 0.00 |
| Beliefs | 0 | 2 | 0 | 1 | 20 | 129 | 133.00 | 0 | 0 | 0.00 | 0.00 |
| History - American | 0 | 2 | 0 | 1 | 20 | 73 | 100.50 | 0 | 1 | 0.00 | 0.00 |
| Science - Other | 0 | 2 | 0 | 0 | 20 | 86 | 103.50 | 0 | 0 | 0.00 | 0.00 |
| Geography | 1 | 0 | 0 | 0 | 15 | 41 | 41.00 | 1 | 1 | 0.00 | 0.00 |
| Fine Arts - Other Arts | 1 | 0 | 0 | 0 | 15 | 65 | 65.00 | 0 | 1 | 0.00 | 0.00 |
| Literature - European | 0 | 1 | 0 | 1 | 10 | 138 | 138.00 | 0 | 0 | 0.00 | 0.00 |
| History - Other | 0 | 1 | 0 | 0 | 10 | 105 | 105.00 | 0 | 0 | 0.00 | 0.00 |
| History - Ancient | 0 | 0 | 0 | 0 | 0 | 0.00 | 0 | 0 | 0.00 | 0.00 |